Một số vấn đề cơ bản về hợp đồng thương mại đáp ứng các yêu cầu hội nhập kinh tế quốc tế (Sách tham khảo)
Giới thiệu một số vấn đề cơ bản về hợp đồng thương mại Việt Nam đáp ứng các yêu cầu hội nhập kinh tế quốc tế
محفوظ في:
| المؤلف الرئيسي: | |
|---|---|
| التنسيق: | كتاب |
| اللغة: | Undetermined |
| منشور في: |
Hà Nội
Nxb.Đại học Bách khoa Hà Nội
2016
|
| الموضوعات: | |
| الوسوم: |
إضافة وسم
لا توجد وسوم, كن أول من يضع وسما على هذه التسجيلة!
|
| Thư viện lưu trữ: | Trung tâm Học liệu Trường Đại học Cần Thơ |
|---|
| LEADER | 00986nam a2200217Ia 4500 | ||
|---|---|---|---|
| 001 | CTU_218572 | ||
| 008 | 210402s9999 xx 000 0 und d | ||
| 082 | |a 346.59707 | ||
| 082 | |b Qu106 | ||
| 100 | |a Vũ, Quang | ||
| 245 | 0 | |a Một số vấn đề cơ bản về hợp đồng thương mại đáp ứng các yêu cầu hội nhập kinh tế quốc tế | |
| 245 | 0 | |b (Sách tham khảo) | |
| 245 | 0 | |c Vũ Quang (chủ biên) ; Nguyễn Văn Lâm | |
| 260 | |a Hà Nội | ||
| 260 | |b Nxb.Đại học Bách khoa Hà Nội | ||
| 260 | |c 2016 | ||
| 520 | |a Giới thiệu một số vấn đề cơ bản về hợp đồng thương mại Việt Nam đáp ứng các yêu cầu hội nhập kinh tế quốc tế | ||
| 650 | |a Contracts,Hợp đồng | ||
| 650 | |x Cases,Tình huống cụ thể | ||
| 904 | |i Nguyên | ||
| 980 | |a Trung tâm Học liệu Trường Đại học Cần Thơ | ||